মৃত্যুক্ষুধা / (Record no. 5955)
[ view plain ]
| 000 -LEADER | |
|---|---|
| fixed length control field | 00659nam a22001817a 4500 |
| 003 - CONTROL NUMBER IDENTIFIER | |
| control field | BUBTL |
| 008 - FIXED-LENGTH DATA ELEMENTS--GENERAL INFORMATION | |
| fixed length control field | 190406b xxu||||| |||| 00| 0 eng d |
| 020 ## - INTERNATIONAL STANDARD BOOK NUMBER | |
| International Standard Book Number | 984-410-032-1 |
| 082 ## - DEWEY DECIMAL CLASSIFICATION NUMBER | |
| Classification number | 891.443/ Is41m/ 1991 |
| 100 ## - MAIN ENTRY--PERSONAL NAME | |
| 9 (RLIN) | 2264 |
| Personal name | ইসলাম, কাজী নজরুল |
| 245 ## - TITLE STATEMENT | |
| Title | মৃত্যুক্ষুধা / |
| Statement of responsibility, etc. | কাজী নজরুল ইসলাম |
| 260 ## - PUBLICATION, DISTRIBUTION, ETC. (IMPRINT) | |
| Place of publication, distribution, etc. | ঢাকা : |
| Name of publisher, distributor, etc. | মাওলা ব্রাদার্স, |
| Date of publication, distribution, etc. | c1991. |
| 300 ## - PHYSICAL DESCRIPTION | |
| Extent | 80 p. : |
| Dimensions | 22 cm. |
| 650 #0 - SUBJECT ADDED ENTRY--TOPICAL TERM | |
| 9 (RLIN) | 1689 |
| Topical term or geographic name as entry element | বাংলা সাহিত্য |
| 856 ## - ELECTRONIC LOCATION AND ACCESS | |
| Password | 0 |
| Logon | 0 |
| Link text | Download |
| 942 ## - ADDED ENTRY ELEMENTS (KOHA) | |
| Source of classification or shelving scheme | |
| Koha item type | Books |
| Withdrawn status | Lost status | Source of classification or shelving scheme | Damaged status | Not for loan | Collection code | Permanent location | Current location | Shelving location | Date acquired | Inventory number | Total Checkouts | Total Renewals | Full call number | Barcode | Date last seen | Date last checked out | Copy number | Price effective from | Koha item type | Source of acquisition |
|---|---|---|---|---|---|---|---|---|---|---|---|---|---|---|---|---|---|---|---|---|
| Fiction | Bangladesh University of Business and Technology Library | Bangladesh University of Business and Technology Library | Fiction | 04/06/2019 | 22740 | 5 | 2 | 891.443 / ISM | BUBTL-200322740 | 01/31/2024 | 01/24/2024 | C-1 | 04/06/2019 | Books | ||||||
| Fiction | Bangladesh University of Business and Technology Library | Bangladesh University of Business and Technology Library | Fiction | 10/25/2016 | 22739 | 1 | 891.443/ Is41m/ 1991 | BUBTL-200322739 | 01/31/2024 | 01/24/2024 | C-1 | 01/25/2023 | Books | Purchase |
